Country Population by First Digit - Statistics

General Stats
  • This quiz has been taken 36,311 times
  • The average score is 8 of 18
Answer Stats
Country Population % Correct
India 1467 mil
99%
United States 351 mil
89%
Canada 40.3 mil
72%
United Kingdom 70.2 mil
68%
Japan 122 mil
59%
Germany 83.9 mil
59%
South Korea 51.6 mil
47%
Russia 144 mil
37%
Brazil 213 mil
36%
Ireland 5.32 mil
36%
Poland 38.0 mil
34%
Argentina 45.9 mil
33%
Australia 27.0 mil
31%
Saudi Arabia 34.7 mil
29%
Thailand 71.6 mil
24%
Mongolia 3.53 mil
23%
New Zealand 5.28 mil
22%
Nepal 29.6 mil
20%
No matching quizzes found
Score Distribution
Percent of People with Each Score
Percentile by Number Answered
Your Score History
You have not taken this quiz